| 000 | 00865nas a2200265 4500 | ||
|---|---|---|---|
| 001 | BR9200687 | ||
| 003 | BR-BrBNA | ||
| 005 | 20231205092307.0 | ||
| 007 | ta | ||
| 008 | 230509b bl.|||p| |||| 00| 00por d | ||
| 040 |
_aBR-BrBNA _bpor _cBiblioteca Nacional de Agricultura |
||
| 041 | _a(Pt) | ||
| 072 | _aH20 | ||
| 100 | 1 | _aLopes, M.E.B.M. | |
| 100 | 1 | _aSilveira, A.P. da | |
| 100 | 1 | _aFurtado, E.L. | |
| 245 | 1 | _aBotrytis cinerea causando epidemia em amendoim de inverno em Sao Paulo | |
| 246 | 1 | _aBotrytis cinerea as causal agent of an epidemic in winter peanut in state of Sao Paulo - Brazil | |
| 650 | _aAMENDOIM | ||
| 650 | _aMOFO CINZENTO | ||
| 650 | _aSAO PAULO | ||
| 773 | 0 |
_tSumma Phytopathologica (Brazil) _xISSN 0100-5405 _g(Apr-Jun 1991), v. 17(2) p. 164-166 _wBR9200687 |
|
| 909 |
_a202311 _bLúcia _c55 _dLúcia Elande |
||
| 942 |
_2AGRIS _n0 _cANA |
||
| 999 |
_c130715 _d130715 |
||